[Event "Bicaz City Cup"]
[Site "Bicaz"]
[Date "2020.03.05"]
[Round "1"]
[White "Dobre, Claudiu Cristian"]
[Black "Pintilie, Dimitrie"]
[Result "1-0"]
[WhiteElo "2312"]
[BlackElo "1460"]
[PlyCount "47"]
[EventDate "2020.03.05"]
[EventType "swiss"]
[EventRounds "7"]
[EventCountry "ROU"]
[SourceTitle "CBM 195 Extra"]
[Source "ChessBase"]
[SourceDate "2020.05.31"]
[SourceVersion "1"]
[SourceVersionDate "2020.05.31"]
[SourceQuality "1"]

1. c4 e5 2. Nc3 b6 3. Nf3 Nc6 4. e3 Bb4 5. Nd5 Bd6 6. d4 Bb7 7. a3 a5 8. dxe5 Nxe5 9. Nxb6 Nxf3+ 10. gxf3 Bxf3 11. Qxf3 cxb6 12. Rg1 Bf8 13. Bd2 Rc8 14. Bc3 Nf6 15. Rd1 h5 16. Bh3 Rc7 17. Be5 d6 18. Qf4 Rc6 19. Bxf6 Be7 20. Bxg7 Rg8 21. Qe4 Qc7 22. Qh7 Rxg7 23. Rxg7 Bf6 24. Qg8+ 1-0